000 00316nam a22001217a 4500
003 OSt
005 20250714110128.0
008 250714b |||||||| |||| 00| 0 eng d
040 _cDLC
082 _a328.1
_bLUK
245 _aThe Journal of the Society of Clerks-At-The-Table in Commonwealth Parliaments
942 _2ddc
_cBK
999 _c4128
_d4128